<?xml version="1.0" encoding="UTF-8"?>
<record
    xmlns:xsi="http://www.w3.org/2001/XMLSchema-instance"
    xsi:schemaLocation="http://www.loc.gov/MARC21/slim http://www.loc.gov/standards/marcxml/schema/MARC21slim.xsd"
    xmlns="http://www.loc.gov/MARC21/slim">

  <leader>01250nam a2200313 i 4500</leader>
  <controlfield tag="001">185291</controlfield>
  <controlfield tag="003">SpMaBN</controlfield>
  <controlfield tag="005">20250623063023.0</controlfield>
  <controlfield tag="008">160509s2015    sp           |||| | spa d</controlfield>
  <datafield tag="020" ind1=" " ind2=" ">
    <subfield code="a">978-84-16536-05-4</subfield>
  </datafield>
  <datafield tag="080" ind1=" " ind2=" ">
    <subfield code="a">821.134.2-1"19"</subfield>
  </datafield>
  <datafield tag="100" ind1="1" ind2=" ">
    <subfield code="a">Ram&#xED;rez Codina, Juan,</subfield>
    <subfield code="d">1954-</subfield>
    <subfield code="9">159277</subfield>
  </datafield>
  <datafield tag="245" ind1="1" ind2="3">
    <subfield code="a">El duelo / </subfield>
    <subfield code="c">Juan Ram&#xED;rez Codina.</subfield>
  </datafield>
  <datafield tag="250" ind1=" " ind2=" ">
    <subfield code="a">1&#xAA; ed. </subfield>
    <subfield code="b">500 ejemp. firmados y num. por el autor.</subfield>
  </datafield>
  <datafield tag="260" ind1=" " ind2=" ">
    <subfield code="a">Logro&#xF1;o : </subfield>
    <subfield code="b">4 de Agosto, </subfield>
    <subfield code="c">2015.</subfield>
  </datafield>
  <datafield tag="300" ind1=" " ind2=" ">
    <subfield code="a">3 v. : </subfield>
    <subfield code="b">(guardados en estuche) ; </subfield>
    <subfield code="c">16 cm.</subfield>
  </datafield>
  <datafield tag="490" ind1="1" ind2=" ">
    <subfield code="a">Planeta clandestino ; </subfield>
    <subfield code="v">166</subfield>
  </datafield>
  <datafield tag="505" ind1="8" ind2=" ">
    <subfield code="a">Contiene: I ; </subfield>
    <subfield code="t">Planteamiento (123 p.) - II ; </subfield>
    <subfield code="t">Nudo (141 p.) - III ; </subfield>
    <subfield code="t">Desenlace (115 p.)</subfield>
  </datafield>
  <datafield tag="740" ind1="0" ind2="2">
    <subfield code="a">Planteamiento.</subfield>
  </datafield>
  <datafield tag="740" ind1="0" ind2="2">
    <subfield code="a">Nudo.</subfield>
  </datafield>
  <datafield tag="740" ind1="0" ind2="2">
    <subfield code="a">Desenlace.</subfield>
  </datafield>
  <datafield tag="830" ind1="0" ind2=" ">
    <subfield code="a">Planeta clandestino ; </subfield>
    <subfield code="v">166</subfield>
    <subfield code="9">225186</subfield>
  </datafield>
  <datafield tag="852" ind1=" " ind2=" ">
    <subfield code="a">ES-MaACL</subfield>
    <subfield code="j">A-13742</subfield>
    <subfield code="p">v.1</subfield>
    <subfield code="9">192314</subfield>
    <subfield code="b">R.150998</subfield>
    <subfield code="c">DEPO1</subfield>
    <subfield code="d">Olim: N-6742</subfield>
    <subfield code="h">Donaci&#xF3;n: Daniel Pacheco</subfield>
  </datafield>
  <datafield tag="852" ind1=" " ind2=" ">
    <subfield code="a">ES-MaACL</subfield>
    <subfield code="j">A-13743</subfield>
    <subfield code="p">v.2</subfield>
    <subfield code="9">200889</subfield>
    <subfield code="b">R.150998</subfield>
    <subfield code="c">DEPO1</subfield>
    <subfield code="d">Olim: N-6743</subfield>
    <subfield code="h">Donaci&#xF3;n: Daniel Pacheco</subfield>
  </datafield>
  <datafield tag="852" ind1=" " ind2=" ">
    <subfield code="a">ES-MaACL</subfield>
    <subfield code="j">A-13744</subfield>
    <subfield code="p">v.3</subfield>
    <subfield code="9">200890</subfield>
    <subfield code="b">R.150948</subfield>
    <subfield code="c">DEPO1</subfield>
    <subfield code="d">Olim: N-6744</subfield>
    <subfield code="h">Donaci&#xF3;n: Daniel Pacheco</subfield>
  </datafield>
  <datafield tag="903" ind1=" " ind2=" ">
    <subfield code="a">Pacheco Fern&#xE1;ndez, Daniel</subfield>
    <subfield code="e">dnr</subfield>
    <subfield code="9">88132</subfield>
  </datafield>
  <datafield tag="942" ind1=" " ind2=" ">
    <subfield code="2">udc</subfield>
    <subfield code="c">MONOGRAFIA</subfield>
  </datafield>
  <datafield tag="999" ind1=" " ind2=" ">
    <subfield code="c">185291</subfield>
    <subfield code="d">185291</subfield>
  </datafield>
  <datafield tag="952" ind1=" " ind2=" ">
    <subfield code="0">0</subfield>
    <subfield code="1">0</subfield>
    <subfield code="2">udc</subfield>
    <subfield code="4">0</subfield>
    <subfield code="7">0</subfield>
    <subfield code="a">ATENEOM</subfield>
    <subfield code="b">ATENEOM</subfield>
    <subfield code="c">DEPO1</subfield>
    <subfield code="d">2016-05-09</subfield>
    <subfield code="e">DONACION</subfield>
    <subfield code="h">v.1</subfield>
    <subfield code="l">0</subfield>
    <subfield code="o">A-13742</subfield>
    <subfield code="p">1195217</subfield>
    <subfield code="r">2023-02-23 00:00:00</subfield>
    <subfield code="w">2023-02-23</subfield>
    <subfield code="y">MONOGRAFIA</subfield>
  </datafield>
  <datafield tag="952" ind1=" " ind2=" ">
    <subfield code="0">0</subfield>
    <subfield code="1">0</subfield>
    <subfield code="2">udc</subfield>
    <subfield code="4">0</subfield>
    <subfield code="7">0</subfield>
    <subfield code="a">ATENEOM</subfield>
    <subfield code="b">ATENEOM</subfield>
    <subfield code="c">DEPO1</subfield>
    <subfield code="d">2016-05-09</subfield>
    <subfield code="e">DONACION</subfield>
    <subfield code="h">v.2</subfield>
    <subfield code="l">0</subfield>
    <subfield code="o">A-13743</subfield>
    <subfield code="p">101206175</subfield>
    <subfield code="r">2023-11-30 00:00:00</subfield>
    <subfield code="w">2023-02-23</subfield>
    <subfield code="y">MONOGRAFIA</subfield>
  </datafield>
  <datafield tag="952" ind1=" " ind2=" ">
    <subfield code="0">0</subfield>
    <subfield code="1">0</subfield>
    <subfield code="2">udc</subfield>
    <subfield code="4">0</subfield>
    <subfield code="7">0</subfield>
    <subfield code="a">ATENEOM</subfield>
    <subfield code="b">ATENEOM</subfield>
    <subfield code="c">DEPO1</subfield>
    <subfield code="d">2016-05-09</subfield>
    <subfield code="e">DONACION</subfield>
    <subfield code="h">v.3</subfield>
    <subfield code="l">0</subfield>
    <subfield code="o">A-13744</subfield>
    <subfield code="p">101206176</subfield>
    <subfield code="r">2023-11-30 00:00:00</subfield>
    <subfield code="w">2023-02-23</subfield>
    <subfield code="y">MONOGRAFIA</subfield>
  </datafield>
</record>
